|
|
|
|
| LEADER |
00000nab a2200000 a 4500 |
| 001 |
vtls000870691 |
| 003 |
SK-MaSNL |
| 005 |
20260319075107.0 |
| 008 |
160405c2004 xo 0 hun |
| 015 |
|
|
|a SNBRB2004/04-13313
|
| 035 |
|
|
|a CLN000222243
|
| 040 |
|
|
|a SNKBUCL
|b slo
|c SNKBUCL
|e AACR2
|
| 041 |
0 |
|
|a hun
|
| 044 |
|
|
|a xo
|c SK
|
| 080 |
|
|
|a 373.3(437.6)(=511.141):257
|2 1997
|
| 080 |
|
|
|a 257(437.6)(=511.141)
|2 1997
|
| 100 |
1 |
|
|a Mészáros, Péter,
|d 1978-
|4 ain
|9 840038
|
| 245 |
1 |
0 |
|a Derűvel, bizalommal
|b látogatóban a dunaszerdahelyi Szent János Alapiskolában
|c Mészáros Péter, Aranyossy Teodóra
|
| 300 |
|
|
|b Fotogr.
|
| 610 |
2 |
7 |
|a Cirkevná základná škola sv. Jána apoštola s vyučovacím jazykom maďarským (Dunajská Streda, Slovensko)
|2 snkbucl
|9 857388
|
| 650 |
0 |
7 |
|a základné školy cirkevné
|2 snkbucl
|9 857389
|
| 651 |
|
7 |
|a 201
|2 snkbucl
|9 294639
|
| 655 |
|
7 |
|a články z novín a časopisov
|2 snkbucl
|9 267496
|
| 700 |
1 |
|
|a Aranyossy, Teodóra
|4 aut
|4 uin
|9 857390
|
| 773 |
0 |
|
|x 1335-6534
|t Remény
|g Roč. 15, č. 13 (2004), s. 5
|
| 850 |
|
|
|a Slovenská národná knižnica v Martine
|
| 852 |
|
|
|a SNK
|b KIS3GCP
|
| 958 |
|
|
|a HU
|
| 958 |
|
|
|a SK
|
| 999 |
|
|
|c 1375331
|d 1377261
|